Countries Kylie Minogue has Visited - Statistics

General Stats
  • This quiz has been taken 35 times
  • The average score is 49 of 53
Answer Stats
Continent Country % Correct
South America Argentina
100%
Oceania Australia
100%
North America Canada
100%
South America Chile
100%
South America Colombia
100%
Europe Denmark
100%
Europe Finland
100%
Europe France
100%
Europe Germany
100%
Europe Greece
100%
Asia Japan
100%
Europe Netherlands
100%
Asia/ Europe Turkey
100%
Europe United Kingdom
100%
North America United States of America
100%
South America Brazil
96%
Europe Bulgaria
96%
Asia China
96%
Africa Egypt
96%
Europe Estonia
96%
Europe Hungary
96%
Europe Ireland
96%
Oceania New Zealand
96%
Europe Norway
96%
Europe Poland
96%
Europe Portugal
96%
Asia/ Europe Russia
96%
Africa South Africa
96%
Europe Spain
96%
Europe Sweden
96%
Europe Austria
91%
Europe Czech Republic
91%
Europe Luxembourg
91%
North America Mexico
91%
Asia Thailand
91%
Europe Ukraine
91%
Asia United Arab Emirates
91%
South America Venezuela
91%
Europe Italy
87%
Europe Lithuania
87%
Asia Malaysia
87%
South America Peru
87%
Europe Romania
87%
Asia Singapore
87%
Asia Taiwan
87%
Asia Indonesia
83%
Africa Morocco
83%
Asia Philippines
83%
Europe Slovakia
83%
Europe Latvia
78%
Europe Monaco
78%
Asia Qatar
74%
Asia Timor Leste
35%
No matching quizzes found
Score Distribution
Percent of People with Each Score
Percentile by Number Answered
Your Score History
You have not taken this quiz